| 000 | 00980nmc a2200361 a 4500 | ||
|---|---|---|---|
| 003 | AR-BaBNM | ||
| 005 | 20251128204944.0 | ||
| 008 | 116019s1991 ||||||||||||||000 | spa|| | ||
| 020 | _a950-03-8345-4 | ||
| 040 | _cAR-BaBNM | ||
| 100 | 1 | _aLuzuriaga, Lorenzo | |
| 245 | 1 | 0 | _aPedagogía |
| 250 | _a17ª ed. | ||
| 260 |
_aBuenos Aires _bLosada _c1991 |
||
| 300 | 0 | _a331 p. | |
| 490 | 0 | _aRevista de pedagogía | |
| 500 | 0 | _aIndice de autores p. 323-326 | |
| 504 | _aBibliografía p. 315-321 | ||
| 650 | 4 | _aPEDAGOGIA | |
| 650 | 4 | _aFINALIDADES DE LA EDUCACION | |
| 650 | 4 | _aMETODOS DE ENSENANZA | |
| 650 | 4 | _aORGANIZACION DE LA EDUCACION | |
| 650 | 4 | _aESCUELAS PRIMARIAS | |
| 650 | 4 | _aESCUELAS SECUNDARIAS | |
| 650 | 4 | _aEDUCACION DE ADULTOS | |
| 650 | 4 | _aCOMEDORES ESCOLARES | |
| 653 | 0 | _aINSTITUCIONES EDUCATIVAS | |
| 653 | 0 | _aEDUCACION SUPERIOR | |
| 653 | 0 | _aCOLONIAS DE VACACIONES | |
| 653 | 0 | _aCOOPERADORAS ESCOLARES | |
| 942 | _cBK | ||
| 998 | _cSilvi | ||
| 999 |
_c9480 _d9480 |
||